Bandas juveniles (Registro nro. 66)

Detalles MARC
000 -Cabecera
Campo de control de longitud fija 00586aam a2200241 4500
005 - Fecha y hora de la última transacción
Campo de control 20260325183947.0
008 - Elementos de longitud fija--Información general
Campo de control de longitud fija 150717b1982 xxu||||| |||| 00| 0 spa d
020 ## - International Standard Book Number
Número Internacional Estándar del Libro (ISBN) 8425412072
041 ## - Idioma
Código de idioma Español
082 ## - Clasificación Decimal Dewey
Número de clasificación 364.36 G643b2
100 ## - Entrada principal--Autor personal
Nombre personal Gonzalez Gonzalez, Eugenio
9 (RLIN) 14369
245 ## - Título propiamente dicho
Título Bandas juveniles
250 ## - Edición
Mención de edición 2 edición
260 ## - Pie de imprenta
Lugar de publicación, distribución, etc. España
260 ## - Pie de imprenta
Nombre del editor, distribuidor, etc. Herder
260 ## - Pie de imprenta
Fecha de publicación, distribución, etc. 1982
300 ## - Descripción física
Extensión 273 páginas
490 ## - Serie
Título de la Serie Investigación Criminal
650 ## - Materia general
Temática (materia general) DELINCUENCIA JUVENIL
650 ## - Materia general
Temática (materia general) PSICOLOGÍA CRIMINAL
650 ## - Materia general
Temática (materia general) BANDAS JUVENILES
942 ## - Punto de acceso adicional KOHA
Tipo de ítem KOHA Libro
Fuente del sistema de clasificación o colocación Dewey Decimal Classification
Existencias
Signatura completa Código de barras Programa Académico Tipo de ítem
364.36 G643b2 467 Investigación Criminal Libro